000 00362nam a2200133Ia 4500
008 100328s9999 xx 000 0 und d
082 _b6708
100 _aवरेरकर भार्गवराम विठ्ठल
245 _aनवा खेळ
260 _b---
630 _aनवा खेळ
730 _aनवा खेळ
942 _cBOOK
999 _c502581
_d502578